01319nam a2200253 a 4500001001000000005001700010008004100027041000800068044000700076084002000083100004500103245012100148260002700269300005200296440005400348500022900402500018700631500001000818650005200828650005600880650003400936650004500970740005001015BRCA_251720190320203839.0251108s1861----fr-#---###---#000-0dspa-u aspa afr a149b.B39c18611 aCervantes Saavedra, Miguel ded1547-161610aEl Ingenioso Hidalgo Don Quijote de la Manchabcon la vida de Cervantesccompuesto por Miguel de Cervantes Saavedra. aParísbBaudryc1861? a679 p.c23 cm.e1 carta facsímil de Cervantes 0aColección de los mejores autores españolesn1 aContenido : Primera parte. Retrato de Cervantes. Vida de Cervantes por M. de Navarrete. Dedicatoria del autor. Prólogo del autor. Versos preliminares. Texto. Segunda parte. Dedicatoria del autor. Prólogo del autor. Texto aEdición igual al LO-148, pero con un retrato de Geoffroy y sin fecha. Semipiel; lomo decorado con filetes dorados. Forma parte de Obras de M. de Cervantes S., t. I Lúdovik Osterc aQM14914aNovela españolayÉpoca clásica, 1500-170014aLiteratura españolayÉpoca clásica, 1500-170014aNovela españolaySiglo XVII14aDon Quijote (Personaje ficticio)eNovela0 aEl Ingenioso Hidalgo Don Quijote de la Mancha